| 000 | 01384cam a22003737a 4500 | ||
|---|---|---|---|
| 003 | CHAP | ||
| 005 | 20220329133146.0 | ||
| 008 | 971013s1991 r 00010 d | ||
| 010 | _a2826 | ||
| 011 | _a3798 | ||
| 035 | _a2999 | ||
| 040 | _cCHAP | ||
| 090 | _aTesis | ||
| 100 | 0 | 0 |
_aYépez García, Salomón. _9123155 |
| 245 | 0 | _aEfecto del número de estímulos manuales a nivel del clitorís sobre porcentajes de concepción y tamaño de camada de cerdas inseminadas artificialmente | |
| 260 |
_aChapingo, Méx. : _bEl autor, _c1991 |
||
| 300 |
_a44 h. _b; gráfs. |
||
| 502 | _aTesis (Ing. Agr. Esp. en Zootecnia) -- UACH. Departamento de Zootecnia | ||
| 590 |
_aALEPH _b10 _c20130110 _lUCH01 _h1214 |
||
| 590 |
_aBATCH-UPD _b10 _c20130109 _lUCH01 _h2147 |
||
| 590 |
_aBATCH-UPD _b10 _c20130109 _lUCH01 _h2314 |
||
| 590 |
_aBATCH-UPD _b10 _c20130110 _lUCH01 _h1501 |
||
| 590 |
_aBATCH-UPD _b10 _c20130409 _lUCH01 _h1820 |
||
| 590 |
_aBATCH-UPD _b10 _c20130410 _lUCH01 _h0923 |
||
| 590 |
_aBATCH-UPD _b10 _c20130914 _lUCH01 _h1519 |
||
| 590 |
_aCONVERSION _b10 _c20130109 _lUCH01 _h1303 |
||
| 650 | 1 | 4 |
_aGanado porcino _xFecundidad. _945369 |
| 650 | 1 | 4 |
_aGanado porcino _xReproducción. _945403 |
| 650 | 1 | 4 |
_aInseminación artificial. _958964 |
| 901 | _aBK | ||
| 942 | _cFOLL | ||
| 949 |
_bBC _cTES _d-12507 _eTS1 _h24581 _i2999 _si |
||
| 949 |
_bBC _cTES _d33724000598181 _eTS2 _fc.2 _h24595 _i2999 _si |
||
| 999 |
_c2826 _d2826 |
||